Petróleos Mexicanos: (Record no. 66899)
[ view plain ]
| 000 -LEADER | |
|---|---|
| fixed length control field | 00606cam a2200181 4500 |
| 008 - FIXED-LENGTH DATA ELEMENTS--GENERAL INFORMATION | |
| fixed length control field | 090108s1971 mx a 000 0 spa u |
| 050 04 - LIBRARY OF CONGRESS CALL NUMBER | |
| Classification number | HD9574 .M6 |
| Item number | P76 1971 |
| 110 1# - MAIN ENTRY--CORPORATE NAME | |
| Corporate name or jurisdiction name as entry element | Petróleos Mexicanos |
| 245 10 - TITLE STATEMENT | |
| Title | Petróleos Mexicanos: |
| Remainder of title | El petróleo, Provincia de Arenque / |
| Statement of responsibility, etc | Comp: Humberto Zarazua Muciño. |
| 250 ## - EDITION STATEMENT | |
| Edition statement | 11a ed. |
| 260 ## - PUBLICATION, DISTRIBUTION, ETC. (IMPRINT) | |
| Place of publication, distribution, etc | México: |
| Name of publisher, distributor, etc | Reproducciones Gutenberg |
| Date of publication, distribution, etc | 1971 |
| 265 ## - SOURCE FOR ACQUISITION/SUBSCRIPTION ADDRESS [OBSOLETE] | |
| Source for acquisition/subscription address [OBSOLETE] | Marina Nacional No. 329, Edificio 1810-1. piso |
| 300 ## - PHYSICAL DESCRIPTION | |
| Extent | 184 p.: |
| Other physical details | il.; |
| Dimensions | 23cm. |
| 650 #7 - SUBJECT ADDED ENTRY--TOPICAL TERM | |
| Topical term or geographic name as entry element | Petroleo |
| Geographic subdivision | México |
| Source of heading or term | Lemb |
| 710 2# - ADDED ENTRY--CORPORATE NAME | |
| Corporate name or jurisdiction name as entry element | Petróleos Mexicanos |
| 942 ## - ADDED ENTRY ELEMENTS (KOHA) | |
| Source of classification or shelving scheme | Biblioteca del Cogreso de los Estados Unidos |
| Koha item type | Libro |
| Estado de pérdida | Fuente de clasificación | Estado del daño | No para préstamo | Ubicación permanente | Ubicación actual | Apartado o colección | Fecha de adquisición | Edición | Dependencia de educación superior (DES) | Área del conocimiento | Clasificación | Código de Barras | Date last seen | Número de copia | Tipo de recurso |
|---|---|---|---|---|---|---|---|---|---|---|---|---|---|---|---|
| Biblioteca del Cogreso de los Estados Unidos | Biblioteca del Instituto de Investigaciones Históricas | Biblioteca del Instituto de Investigaciones Históricas | General | 28/08/2018 | 1a ed. | Humanidades | Ciencias Sociales y Administrativas | HD9574 .M6 P76 1971 | IIH000001903 | 28/08/2018 | C:1 | Libro |